First Names of U.S. Presidents - Sudden Death - Statistics

General Stats
  • This quiz has been taken 629 times
    422 since last reset
  • The average score is 7 of 13
Answers on the Grid
Answers color-coded by a green-red scale on the quiz's grid according to % correct below.
Herbert
Warren
Franklin
Benjamin
Martin
Zachary
Abraham
James
Ronald
Barack
Millard
Rutherford
Chester
Lincoln
Nelson
Malcolm
Harold
Henry
David
Michael
Robert
Edward
Daniel
Milton
Jonathan
Matthew
Nicholas
Tyler
 
Answer Stats
Answer % Correct
Abraham
71%
Barack
68%
Ronald
66%
Franklin
55%
James
54%
Zachary
52%
Benjamin
47%
Herbert
44%
Millard
44%
Chester
42%
Rutherford
42%
Warren
38%
Martin
30%
No matching quizzes found
Score Distribution
Percent of People with Each Score
Percentile by Number Answered
Your Score History
You have not taken this quiz since the last reset